00701nam a2200205Ia 4500008004100000020001800041050002100059082002600080100002200106245006100128250002300189260002300212300001000235505005900245600002200304650003700326942000700363952010800370999001700478120905s9999 xx 000 0 und d a968-24-0197-6 a6HB172 S34 1971  a338.5 S747t 1971 1996 aScheifler, Xavier aTeoría económica : Microeconomía / Xavier Schifler a(17ª Reimp.) 1996 aMéxico : Trillas a295 p aTeoría del consumo, del mercado y de la producción aScheifler, Xavier aMicroeconomía \ EconomíaÌ cLB 00104070a13b13d2010-05-18l1oHB172 S34 1971p13 000359r2023-07-14s2023-07-14t1w2012-09-05yLB c83771d83771